Regional report (Record no. 81128)

MARC details
000 -LEADER
fixed length control field 00767cab a22001935a 4500
001 - CONTROL NUMBER
control field L146360
008 - FIXED-LENGTH DATA ELEMENTS--GENERAL INFORMATION
fixed length control field 090112e20090109xxka f 000 0 eng d
035 ## - SYSTEM CONTROL NUMBER
System control number (Sirsi) u146360
041 0# - LANGUAGE CODE
Language code of text/sound track or separate title eng
100 1# - MAIN ENTRY--PERSONAL NAME
Personal name McCallister, Sean
245 00 - TITLE STATEMENT
Title Regional report
Remainder of title Channel Islands
260 ## - PUBLICATION, DISTRIBUTION, ETC.
Date of publication, distribution, etc. 2009
490 #0 - SERIES STATEMENT
Series statement Property Week
Volume/sequential designation 75(1/2) 9 January 2009, 51-57(6)
520 ## - SUMMARY, ETC.
Summary, etc. Reports that the Channel Islands are facing difficult times due to their exposure to finance and tougher regulation. Reveals that UK tax rises for the wealthy might push up house prices even further. Discusses legal and political rows around a St Helier scheme.
590 ## - LOCAL NOTE (RLIN)
Local note KA
651 #4 - SUBJECT ADDED ENTRY--GEOGRAPHIC NAME
Geographic name CHANNEL ISLANDS
690 ## - LOCAL SUBJECT ADDED ENTRY--TOPICAL TERM (OCLC, RLIN)
Topical term or geographic name as entry element PROPERTY-COMMERCIAL PROPERTY-COMMERCIAL PROPERTY MARKET
942 ## - ADDED ENTRY ELEMENTS (KOHA)
Suppress in OPAC 0
Holdings
Withdrawn status Lost status Source of classification or shelving scheme Damaged status Not for loan Home library Current library Shelving location Date acquired Total Checkouts Full call number Barcode Date last seen Copy number Price effective from Koha item type
    Dewey Decimal Classification     London London Journal article 12/01/2009   L146360 146360-1001 06/08/2019 1 06/08/2019 Journal article